000 00883nas a2200253 454500
001 41038
005 20260407193510.0
008 260407s2001####ag###########|||spa#d
003 AR-UNSa-BCEJYS
040 _aAR-UNSa-BCEJYS
_bspa
_cAR-UNSa-BCEJYS
080 _a347.736
_xQuiebra. Insolvencia. Suspensión de pagos. Bancarrota, procedimientos. Derecho Concursal
245 1 0 _aAnuario de derecho concursal
264 1 _aBuenos Aires :
_bAD-HOC
_c2001
310 _aFrecuencia: Anual Cada vol. con título e ISBN distinto
041 _aspa
942 _cSER
590 _aniveau_biblio:s niveau_hierar:1
100 1 _aGrispo, Jorge Daniel
650 _aDERECHO COMERCIAL
650 _aCONCURSOS Y QUIEBRAS
650 _aSUSPENSION DE PAGOS
650 _aDERECHO CONCURSAL
856 4 1 _uhttps://biblioeco.unsa.edu.ar/pmb/images/revistas/R20663_01.jpg
_yImagen de portada
_qimage/jpeg
999 _c8877
_d8877